| 000 | 00548nam a2200217Ia 4500 | ||
|---|---|---|---|
| 001 | 7263 | ||
| 003 | GE_BSU | ||
| 008 | 181216s||||||||xx |||||||||||||| ||und|| | ||
| 040 | _cGE_BSU | ||
| 080 | _a621.397.13(075.8) | ||
| 100 | _aВарбанский,А.М. | ||
| 245 | _aТелевидение. | ||
| 245 | _bУчеб. пособие. | ||
| 245 | _cРед.В.А.Лазарева. | ||
| 260 | _aМ. | ||
| 260 | _bСвязь. | ||
| 260 | _c1973. | ||
| 300 | _a464стр.с илл.22 см. | ||
| 653 | _aТелевидение. | ||
| 942 | _cBK | ||
| 999 |
_c40635 _d40635 |
||